| LEADER |
01221nam0a2200217 450 |
| 001 |
16836576 |
| 010 |
|
|
|a 978-2-87767-026-5
|b rel.
|d 13,2
|
| 100 |
|
|
|a 20100301d2026 u u0frey01 ba
|
| 101 |
1 |
|
|a fre
|c eng
|
| 102 |
|
|
|a FR
|
| 200 |
0 |
|
|a Tout change
|f Anthony Browne
|g traduit de l'anglais par Isabel Finkenstaedt
|
| 207 |
|
1 |
|a
|
| 210 |
|
|
|c Kaléidoiscope
|
| 215 |
|
|
|a 1 vol. (non paginé [30] p.)
|c ill. en coul., couv. ill. en coul.
|d 31 cm
|
| 300 |
|
|
|a Cet album fait partie de la sélection officielle 2013 ou liste de référence du ministère pour le cycle 2.
|
| 330 |
|
|
|a Ce matin-là, le père de Joseph est allé chercher la mère de Joseph. Avant de partir, il a dit que les choses changeraient bientôt. Mais quelles choses ? Et de quelle façon ? Un bel album original pour nous parler de l'arrivée d'un bébé dans la famille... De nombreuses références artistiques sont présentes : La vierge à l'enfant, La chambre de Vincent à Arles de V. Gogh, E.T. de Spielberg...
|
| 700 |
|
0 |
|a Browne
|b Anthony
|f 1946-....
|4 70
|
| 702 |
|
0 |
|a Finkenstaedt
|b Isabel
|4 730
|
| 900 |
|
|
|a Album
|
| 901 |
|
|
|a Accessible au prêt
|
| 995 |
|
|
|a Bibliothèque
|c Bibliothèque
|f 024021325
|h 024021325
|k A BRO
|o c
|q j
|r az
|e Bibliothèque
|